Hombres y mujeres de la pampa. Tarapacá en el ciclo de expansión del salitre.

Guardat en:
Dades bibliogràfiques
Autor principal: González Miranda, Sergio Alberto (autor)
Format: Llibre
Idioma:espanyol
Publicat: Santiago, Chile: LOM, 2002.
Edició:Segunda edición.
Col·lecció:Historia.
Matèries:
Etiquetes: Afegir etiqueta
Sense etiquetes, Sigues el primer a etiquetar aquest registre!

MARC

LEADER 00000cam a2200000 a 4500
001 UCM2896
003 CL-VaPUC
005 20241022144146.0
008 020621t20020500CL |||||||||||||||||spa|d
999 |c 300512  |d 300510 
040 |c Pontificia Universidad Católica de Valparaíso 
082 0 4 |a 983.12 GON 2002  |2 21 
100 |a González Miranda, Sergio Alberto  |e autor  |9 538169 
245 1 0 |a Hombres y mujeres de la pampa.  |b Tarapacá en el ciclo de expansión del salitre. 
250 |a Segunda edición. 
260 |a Santiago, Chile:  |b LOM,  |c 2002. 
300 |a 474 páginas. 
490 0 |a Historia. 
500 |a c. Fondo Budge. Donación del Profesor Sr. Eduardo Cavieres. 05-08-2019. 
583 |a last modification  |c 20190809 09:38:25  |k Rodrigo Vera 
650 0 |a Historia de Chile  |9 265473  |x Salitreras   |x Trabajadores   |z Tarapacá  
942 |c BK  |2 ddc 
945 |d 20020621 00:00:00  |a vberengu 
952 |0 0  |1 0  |4 0  |6 983_120000000000000_GON_2002  |7 0  |8 A  |9 358369  |a BIBHIS  |b BIBHIS  |d 2019-11-21  |i 382120K  |l 8  |m 2  |o 983.12 GON 2002  |p 382120K  |r 2025-01-20  |s 2024-11-14  |w 2019-11-21  |y BK  |k HIS 
952 |0 0  |1 0  |3 erb  |4 0  |6 983_120000000000000_GON_2002  |7 0  |8 X  |9 358370  |a FDOBUD  |b FDOBUD  |i 5594960  |o 983.12 GON 2002  |p 5594960  |r 2019-11-21  |w 2019-11-21  |y BK_X  |z Catalogado en:20190809  |k BUD